| 000 | 01097nam a22002417a 4500 | ||
|---|---|---|---|
| 005 | 20250513140735.0 | ||
| 008 | 250513b |||||||| |||| 00| 0 eng d | ||
| 020 | _a978-81-267-0296-1 (hbk) | ||
| 037 | _cTB | ||
| 040 |
_aCRL _cCRL |
||
| 041 |
_2hin _ahin |
||
| 084 |
_aO152,3N291w,1 R3 _qCRL |
||
| 100 |
_aयादव, राजेन्द्र _9784191 |
||
| 245 | _aमुड़ - मुड़के देखता हूँ ... | ||
| 250 | _aसंस्करण 3 | ||
| 260 |
_aनई दिल्ली, भारत: _bराजकमल प्रकाशन, _c2023. |
||
| 300 | _a203पृ0 | ||
| 365 |
_b695.00 _cINR |
||
| 650 |
_aहिन्दी कहानी _9784192 |
||
| 650 |
_aहिन्दी साहित्य _9784193 |
||
| 942 |
_2CC _cTB _hO152,3N291w,1 R3 _n0 _eसंस्करण 3 |
||
| 999 |
_c1400789 _d1400789 |
||